000 00580nam a2200193Ia 4500
003 0OSt
005 20260325110819.0
008 240810s9999 xx 000 0 und d
020 _aN/S
040 _aBiblioteca Geral-Universidade Lusíada de Angola
_cBULA
082 _m10(1)
_a32.6
100 _a CARVALHAIS ,Sergio P.Sepulveda
_91009
245 0 _aO processo de Integração em Africa
260 _aLisboa ,
_bUniversidade Lusiada de Lisboa
_c2010.
300 _a124p
650 _aRelaçoes Internacionais
700 _aSergio P.Sepulveda Carvalhais
942 _cLivros
_2ddc
999 _c632
_d632